=LDR 00000nam 2200000 4500 =001 INLIS000000000011874 =005 20130612103425 =008 ***********************************Ind** =035 ##$$0010-061300000011874 =041 ##$$a Ind =082 ##$$a 4x1.8 =090 ##$$a 4x1.8, Int.u =100 ##$$a Sudrajat =245 ##$$a Interfrensi Uksikal bahasa Indonesia kedalam bahasa lampung, oleh Sudradjat =260 ##$$a 1990 $b Jakarta =300 ##$$a x,93 hlm, 21 cm =650 ##$$a Bhs Indonesia =650 ##$$a Bahasa lampung =850 ##$$a NBPNMAT